00952cam a2200301 a 450000100090000000300090000900500170001800800410003501000170007602000150009302500210010803500210012904000230015004100080017304200100018104300120019105000230020308200220022610000180024824500840026626000400035030000250039050400520041565000210046765000440048865000450053285600730057712912755BDDh-ASL20231015031302.0001212s1999 pk 000 0 engo  a 00312836  a9698217363 aP-E-00312836; 07 a(DLC) 00312836 aDLCcBDDh-ASLdDLC aeng alcode aa-ii---00aHQ1742b.K425 199900a305.4869222bKHR1 aKhan, Ayesha.10aRhetoric and reform, feminism among Indian Muslims :b1900-1940 /cAyesha Khan. aLahore :bASR Publications,c[1999] aii, 70 p. : c22 cm. aIncludes bibliographical references (p. 67-70). 0aFeminismzIndia. 0aMuslim womenzIndiaxSocial conditions. 0aMuslim womenxPolitical activityzIndia.413Table of contentsuhttp://www.loc.gov/catdir/toc/fy043/00312836.html